Stručná mluvnice španělštiny /

Salvato in:
Dettagli Bibliografici
Autore principale: Hamplová, Sylva (Autore)
Natura: Libro
Lingua:multilingua
Pubblicazione: Praha : Academia, 1985
Edizione:1.vyd.
Tags: Aggiungi Tag
Nessun Tag, puoi essere il primo ad aggiungerne!!

MARC

LEADER 00000nam a22000003a 4500
001 stu9501
005 20150617225805.3
008 970417s1985----cs------------------mul-d
040 |a STU  |b slo 
041 0 |a mul 
044 |a cs 
080 |a 801.5=60 
100 1 |a Hamplová, Sylva  |4 aut 
245 1 |a Stručná mluvnice španělštiny /  |c [aut.] Hamplová,Sylva 
250 |a 1.vyd. 
260 |a Praha :  |b Academia,  |c 1985 
300 |a 351 s 
996 |b 284EK01256  |c E*57308  |l EE01  |s A  |a 24  |w stu9501_0001